Genotipic coefficient of determination for characters of nine rubber tree clones (Record no. 45766)

MARC details
000 -LEADER
fixed length control field 00407nam a2200145Ia 4500
100 ## - MAIN ENTRY--AUTHOR NAME
Personal name Ribeiro SI
245 #0 - TITLE STATEMENT
Title Genotipic coefficient of determination for characters of nine rubber tree clones
260 ## - PUBLICATION, DISTRIBUTION, ETC. (IMPRINT)
Name of publisher Pesquisa Agropecuaria Brasileira
Year of publication 1984
300 ## - PHYSICAL DESCRIPTION
Number of Pages 341-345
700 ## - ADDED ENTRY--PERSONAL NAME
Personal name Bueno LCDS
700 ## - ADDED ENTRY--PERSONAL NAME
Personal name Pereira P
700 ## - ADDED ENTRY--PERSONAL NAME
Personal name Vento N
942 ## - ADDED ENTRY ELEMENTS (KOHA)
Koha item type Reprints
Holdings
Withdrawn status Lost status Damaged status Not for loan Home library Current library Date acquired Serial Enumeration / chronology Koha item type
      Reprints RRII Library RRII Library 22/12/2021 Volume 19, Issue 3 Reprints